000 00578cam a22002053a 4500
001 43900
003 PGUSA
005 20140828084011.0
008 131006s2013||||xxu|||||s|||||000 | eng d
040 _aPGUSA
_beng
042 _adc
100 1 _aGraetz, Heinrich
245 1 0 _aHistory of the Jews, Vol. IV (of VI)
_h[electronic resource] /
_cHeinrich Graetz
260 _bProject Gutenberg,
_c2013
506 _aPublic domain in the USA.
516 _aElectronic text
830 0 _aProject Gutenberg
_v43900
856 4 0 _uhttp://www.gutenberg.org/ebooks/43900
942 _cEB
999 _c273151
_d273151